Top 100 ranked fantasy football players 25-26 - Statistics

General Stats
  • This quiz has been taken 152 times
  • The average score is 34 of 100
Answer Stats
Rank Answer % Correct
3 Justin Jefferson
87%
1 Ja'Marr Chase
86%
31 Josh Allen
86%
28 Lamar jackson
86%
12 Amon-Ra St. Brown
79%
2 Bijan Robinson
77%
4 Saquon Barkley
76%
71 Patrick Mahomes
75%
5 Jahmyr Gibbs
74%
22 A.J Brown
71%
7 Puka Nacua
71%
9 Christian McCaffrey
69%
6 CeeDee Lamb
65%
84 DeVonta Smith
63%
91 Caleb Williams
62%
92 Javonte Williams
62%
25 Kyren Williams
62%
17 Jonathan Taylor
61%
8 Malik Nabers
61%
11 Derrick Henry
59%
41 Joe Burrow
59%
61 Travis Kelce
57%
27 Tyreek Hill
54%
15 De'Von Achane
52%
14 Nico Collins
52%
23 Drake London
51%
16 Josh Jacobs
51%
26 Davante Adams
48%
40 George kittle
46%
30 Jalen Hurts
46%
29 Jayden Daniels
46%
46 DK Metcalf
45%
44 Mike Evans
45%
13 Brian Thomas Jr.
43%
62 Baker Mayfield
42%
42 Garrett Wilson
42%
34 James Cook
41%
55 Jaylen Waddle
39%
73 Stefon Diggs
38%
63 Bo Nix
36%
51 David Montgomery
35%
35 Jaxon Smith-Njigba
34%
85 Mark Andrews
34%
76 Kyler Murray
33%
72 Brock Purdy
33%
47 Alvin Kamara
32%
95 Justin Herbert
32%
90 Dak Prescott
31%
38 DJ Moore
31%
59 Courtland Sutton
28%
57 D'Andre Swift
28%
82 George Pickens
28%
54 Travis Hunter
28%
21 Trey Mcbride
28%
52 Jerry Jeudy
27%
20 Brock Bowers
26%
79 Chris Godwin
25%
43 Chuba Hubbard
24%
10 Ashton Jeanty
23%
33 James Conner
22%
32 Tee Higgins
22%
50 Breece Hall
20%
24 Ladd McConkey
20%
53 Zay Flowers
20%
65 Calvin Ridley
19%
93 J.K. Dobbins
19%
37 Terry Mclaurin
19%
70 T.J. Hockenson
19%
19 Bucky Irving
18%
18 Chase Brown
18%
56 Rashee Rice
18%
45 Marvin Harrison Jr.
17%
68 Sam LaPorta
17%
49 Xavier Worthy
17%
75 Chris Olave
15%
36 Omarion Hampton
15%
39 Kenneth Walker III
14%
89 Rome Odunze
12%
48 TreVeyon Henderson
12%
80 RJ Harvey
11%
66 Tetairoa McMillan
10%
58 Tony Pollard
10%
69 David Njoku
9%
78 Evan Engram
9%
83 Jakobi Meyer
9%
77 Matthew Golden
9%
98 Ricky Pearsall
9%
87 Jaylen Warren
8%
60 Aaron Jones Sr.
7%
67 Isiah Pacheco
7%
74 Jameson Williams
7%
88 Jauan Jennings
7%
64 Kaleb Johnson
7%
100 Cam Skattebo
6%
81 Tyrone Tracy Jr.
6%
96 Jacory Croskey-Merritt
4%
94 Jake Ferguson
4%
99 Michael Pittman Jr.
4%
97 Travis Etienne Jr.
3%
86 Austin Ekeler
2%
No matching quizzes found
Score Distribution
Percent of People with Each Score
Percentile by Number Answered
Your Score History
You have not taken this quiz